| 000 | 01804nam a22003737a 4500 | ||
|---|---|---|---|
| 001 | B--265112-117 | ||
| 005 | 20080722152635.0 | ||
| 006 | a|||||r|||||00| 0 | ||
| 007 | ta | ||
| 008 | 080722t xxu||||| |||| 00| 1 eng d | ||
| 020 |
_a0448437031 _c135.00 |
||
| 020 | _a9780448437033 | ||
| 035 | _aB--265112-117 | ||
| 037 | _aBlueberry/8.05.08/5/8.4.08/5.6.08 | ||
| 040 | _aDDC | ||
| 082 | 0 | 0 | _aS / DIX |
| 100 | 1 | _aDixon, Franklin W. | |
| 245 | 1 | 4 |
_aThe vanishing thieves / _cFranklin W. Dixon |
| 260 |
_aNew York _bGrosset & Dunlop _c2005 |
||
| 260 |
_aNew Delhi _bBlue Berry (Vendor) _c2005 |
||
| 300 |
_a179 p. : _c20 cm. _bill ; |
||
| 490 | 0 |
_aThe Hardy boys mystery stories ; _v66 |
|
| 520 | _aTheir search for an Easter Island idol takes the Hardy boys to Easter Island and on to investigate the theft of government material in Antarctica. | ||
| 650 | 1 | _aMystery and detective stories. | |
| 651 | 1 |
_aEaster Island _xFiction. |
|
| 651 | 1 |
_aAntarctica _xFiction. |
|
| 942 |
_2ddc _cCH |
||
| 999 |
_c14533 _d14533 |
||